[Event "World Senior Championship F50+/F65+"]
[Site "Katerini"]
[Date "2014.11.02"]
[Round "9.2"]
[White "Gaprindashvili, Nona"]
[Black "Fatalibekova, Elena"]
[Result "1/2-1/2"]
[WhiteElo "2299"]
[BlackElo "2215"]
[EventDate "2014.10.24"]

1. d4 {[%clk 1:30:52]} Nf6 {[%clk 1:30:42]} 2. c4 {[%clk 1:31:15]} e6
{[%clk 1:31:09]} 3. Nf3 {[%clk 1:31:38]} b6 {[%clk 1:31:28]} 4. g3
{[%clk 1:29:47]} Bb4+ {[%clk 1:31:30]} 5. Nbd2 {[%clk 1:29:43]} Bb7
{[%clk 1:30:24]} 6. Bg2 {[%clk 1:30:11]} c5 {[%clk 1:29:49]} 7. O-O
{[%clk 1:28:53]} cxd4 {[%clk 1:29:28]} 8. Nb3 {[%clk 1:28:00]} O-O
{[%clk 1:26:32]} 9. Nbxd4 {[%clk 1:27:25]} Nc6 {[%clk 1:17:10]} 10. Ne5
{[%clk 1:25:48]} Na5 {[%clk 1:05:34]} 11. Bxb7 {[%clk 1:22:55]} Nxb7
{[%clk 1:06:01]} 12. Bg5 {[%clk 1:11:51]} Be7 {[%clk 1:05:37]} 13. Ndf3
{[%clk 1:11:57]} Qc7 {[%clk 1:00:17]} 14. Rc1 {[%clk 0:58:23]} d6
{[%clk 0:59:24]} 15. Nd3 {[%clk 0:58:49]} h6 {[%clk 0:58:25]} 16. Be3
{[%clk 0:55:53]} Rac8 {[%clk 0:55:25]} 17. b4 {[%clk 0:52:10]} Qd7
{[%clk 0:51:13]} 18. Qb3 {[%clk 0:51:37]} e5 {[%clk 0:45:02]} 19. Nh4
{[%clk 0:43:58]} e4 {[%clk 0:32:43]} 20. Nb2 {[%clk 0:42:35]} d5 {[%clk 0:32:32]}
21. Ng2 {[%clk 0:37:50]} dxc4 {[%clk 0:26:54]} 22. Nxc4 {[%clk 0:35:36]} Qb5
{[%clk 0:22:33]} 23. a3 {[%clk 0:34:03]} Nc5 {[%clk 0:18:03]} 24. Qa2
{[%clk 0:30:19]} Ne6 {[%clk 0:18:09]} 25. Nf4 {[%clk 0:29:38]} 1/2-1/2

[Event "World Senior Championship F50+/F65+"]
[Site "Katerini"]
[Date "2014.11.02"]
[Round "9.3"]
[White "Lauterbach, Ingrid"]
[Black "Kasoshvili, Tsiala"]
[Result "0-1"]
[WhiteElo "2095"]
[BlackElo "2161"]
[EventDate "2014.10.24"]

1. Nf3 {[%clk 1:30:58]} d5 {[%clk 1:29:15]} 2. g3 {[%clk 1:31:18]} c6
{[%clk 1:29:19]} 3. Bg2 {[%clk 1:31:26]} Nf6 {[%clk 1:29:25]} 4. O-O
{[%clk 1:31:00]} Bf5 {[%clk 1:28:37]} 5. d4 {[%clk 1:26:07]} h6 {[%clk 1:28:11]}
6. c4 {[%clk 1:23:21]} e6 {[%clk 1:28:30]} 7. Nc3 {[%clk 1:20:19]} Nbd7
{[%clk 1:28:14]} 8. Nd2 {[%clk 1:03:42]} Qb6 {[%clk 1:16:36]} 9. c5
{[%clk 0:58:43]} Qc7 {[%clk 1:14:19]} 10. b4 {[%clk 0:57:29]} Be7
{[%clk 1:11:16]} 11. Bb2 {[%clk 0:57:15]} O-O {[%clk 1:11:14]} 12. Qb3
{[%clk 0:53:53]} e5 {[%clk 1:10:44]} 13. dxe5 {[%clk 0:51:06]} Nxe5
{[%clk 1:11:12]} 14. e4 {[%clk 0:49:09]} dxe4 {[%clk 1:10:52]} 15. Ncxe4
{[%clk 0:44:22]} Nxe4 {[%clk 0:51:31]} 16. Nxe4 {[%clk 0:44:15]} Rad8
{[%clk 0:51:25]} 17. Rad1 {[%clk 0:41:39]} Be6 {[%clk 0:49:55]} 18. Qc3
{[%clk 0:36:21]} f6 {[%clk 0:50:04]} 19. a4 {[%clk 0:36:05]} a6 {[%clk 0:47:10]}
20. Bc1 {[%clk 0:31:16]} Ng6 {[%clk 0:43:30]} 21. Qc2 {[%clk 0:26:20]} f5
{[%clk 0:42:23]} 22. Nc3 {[%clk 0:23:08]} Bf6 {[%clk 0:42:06]} 23. Rxd8
{[%clk 0:23:03]} Rxd8 {[%clk 0:42:16]} 24. Bh3 {[%clk 0:20:44]} Qe5
{[%clk 0:39:31]} 25. Nd1 {[%clk 0:17:52]} Kf7 {[%clk 0:34:49]} 26. Ne3
{[%clk 0:11:58]} Qe4 {[%clk 0:34:03]} 27. Qxe4 {[%clk 0:08:35]} fxe4
{[%clk 0:34:32]} 28. Bxe6+ {[%clk 0:08:49]} Kxe6 {[%clk 0:34:58]} 29. Nc2
{[%clk 0:05:10]} Ne5 {[%clk 0:32:30]} 30. Kg2 {[%clk 0:05:23]} Nf3
{[%clk 0:30:38]} 31. Be3 {[%clk 0:05:12]} Rd3 {[%clk 0:23:47]} 32. Rb1
{[%clk 0:05:33]} Rc3 {[%clk 0:21:59]} 33. Ne1 {[%clk 0:05:49]} Nxe1+
{[%clk 0:17:07]} 34. Rxe1 {[%clk 0:06:14]} Rb3 {[%clk 0:17:33]} 35. Bd2
{[%clk 0:06:38]} Kd5 {[%clk 0:17:40]} 36. Re2 {[%clk 0:06:01]} Rb2
{[%clk 0:11:13]} 37. Kf1 {[%clk 0:06:42]} a5 {[%clk 0:05:10]} 38. b5
{[%clk 0:00:00]} 0-1

[Event "World Senior Championship F50+/F65+"]
[Site "Katerini"]
[Date "2014.11.02"]
[Round "9.4"]
[White "Melashvili, Nino"]
[Black "Titorenko, Natalia I"]
[Result "1-0"]
[WhiteElo "2135"]
[BlackElo "2123"]
[EventDate "2014.10.24"]

1. Nf3 {[%clk 1:30:57]} d5 {[%clk 1:30:58]} 2. d4 {[%clk 1:31:21]} c5
{[%clk 1:31:24]} 3. Nc3 {[%clk 1:29:16]} cxd4 {[%clk 1:29:31]} 4. Qxd4
{[%clk 1:29:00]} Nf6 {[%clk 1:28:03]} 5. Bg5 {[%clk 1:28:29]} Nc6
{[%clk 1:27:01]} 6. Qa4 {[%clk 1:27:03]} e6 {[%clk 1:27:06]} 7. O-O-O
{[%clk 1:26:07]} Be7 {[%clk 1:01:47]} 8. e4 {[%clk 1:22:20]} O-O {[%clk 0:59:38]}
9. Bb5 {[%clk 1:18:44]} Bd7 {[%clk 0:33:44]} 10. exd5 {[%clk 1:10:16]} Nxd5
{[%clk 0:32:27]} 11. Nxd5 {[%clk 0:43:21]} Bxg5+ {[%clk 0:32:25]} 12. Nxg5
{[%clk 0:43:47]} Qxg5+ {[%clk 0:32:53]} 13. f4 {[%clk 0:44:12]} Qd8
{[%clk 0:30:04]} 14. Nb4 {[%clk 0:41:37]} Qc7 {[%clk 0:25:36]} 15. Nxc6
{[%clk 0:33:18]} Bxc6 {[%clk 0:24:03]} 16. Bxc6 {[%clk 0:33:41]} bxc6
{[%clk 0:24:05]} 17. Rd3 {[%clk 0:34:03]} Rfd8 {[%clk 0:21:15]} 18. Rhd1
{[%clk 0:34:15]} Rd5 {[%clk 0:20:28]} 19. Qc4 {[%clk 0:29:08]} Rad8
{[%clk 0:17:51]} 20. g3 {[%clk 0:20:40]} h6 {[%clk 0:13:25]} 21. Rxd5
{[%clk 0:11:26]} exd5 {[%clk 0:09:45]} 22. Qc5 {[%clk 0:11:55]} Re8
{[%clk 0:09:06]} 23. Rxd5 {[%clk 0:09:40]} Re2 {[%clk 0:06:56]} 24. Qd6
{[%clk 0:05:17]} Qb7 {[%clk 0:05:49]} 25. Rd2 {[%clk 0:03:07]} Re6
{[%clk 0:02:33]} 26. Qd8+ {[%clk 0:03:08]} Kh7 {[%clk 0:03:03]} 27. Qd3+
{[%clk 0:03:29]} g6 {[%clk 0:03:22]} 28. Re2 {[%clk 0:02:26]} Qe7
{[%clk 0:02:18]} 29. Rxe6 {[%clk 0:02:35]} Qxe6 {[%clk 0:02:47]} 30. b3
{[%clk 0:03:03]} h5 {[%clk 0:02:41]} 31. h4 {[%clk 0:03:11]} Qf6 {[%clk 0:02:17]}
32. a4 {[%clk 0:03:31]} a5 {[%clk 0:01:14]} 33. Kd2 {[%clk 0:02:58]} Qe7
{[%clk 0:01:04]} 34. Qd4 {[%clk 0:02:55]} Qe6 {[%clk 0:01:01]} 35. Kc3
{[%clk 0:02:52]} Qe1+ {[%clk 0:01:19]} 36. Kc4 {[%clk 0:03:10]} Qb4+
{[%clk 0:01:23]} 37. Kd3 {[%clk 0:03:28]} Qe1 {[%clk 0:01:46]} 38. Qe3
{[%clk 0:03:40]} Qb4 {[%clk 0:01:40]} 39. Qe4 {[%clk 0:03:26]} Qd6+
{[%clk 0:01:26]} 40. Qd4 {[%clk 0:33:41]} Qe7 {[%clk 0:31:43]} 41. Qe5
{[%clk 0:30:25]} Qa7 {[%clk 0:25:45]} 42. Qf6 {[%clk 0:27:00]} Qd7+
{[%clk 0:25:37]} 43. Kc3 {[%clk 0:22:43]} Qd5 {[%clk 0:25:51]} 44. Qd4
{[%clk 0:22:54]} Qe6 {[%clk 0:20:39]} 45. Qe5 {[%clk 0:23:07]} Qg4
{[%clk 0:19:57]} 46. Qe3 {[%clk 0:23:11]} Qd7 {[%clk 0:20:00]} 47. Kb2
{[%clk 0:16:49]} Qc7 {[%clk 0:14:55]} 48. Qe5 {[%clk 0:14:14]} Qd8
{[%clk 0:11:39]} 49. f5 {[%clk 0:13:58]} Kh6 {[%clk 0:08:30]} 50. fxg6
{[%clk 0:13:22]} fxg6 {[%clk 0:08:28]} 51. b4 {[%clk 0:12:53]} Qb6
{[%clk 0:07:46]} 52. Qh8# {[%clk 0:13:16]} 1-0

[Event "World Senior Championship F50+/F65+"]
[Site "Katerini"]
[Date "2014.11.02"]
[Round "9.5"]
[White "Strutinskaia, Galina"]
[Black "Saunina, Ludmila"]
[Result "1/2-1/2"]
[WhiteElo "2287"]
[BlackElo "2190"]
[EventDate "2014.10.24"]

1. d4 {[%clk 1:30:55]} d5 {[%clk 1:30:55]} 2. c4 {[%clk 1:31:19]} dxc4
{[%clk 1:31:20]} 3. e4 {[%clk 1:31:44]} e5 {[%clk 1:31:42]} 4. Nf3
{[%clk 1:31:55]} exd4 {[%clk 1:32:06]} 5. Bxc4 {[%clk 1:32:12]} Bb4+
{[%clk 1:32:31]} 6. Nbd2 {[%clk 1:32:24]} Nc6 {[%clk 1:31:36]} 7. O-O
{[%clk 1:31:52]} Nf6 {[%clk 1:15:11]} 8. e5 {[%clk 1:31:45]} Nd5 {[%clk 1:15:10]}
9. Ne4 {[%clk 1:20:59]} Be6 {[%clk 1:14:52]} 10. Nxd4 {[%clk 1:19:19]} Nxd4
{[%clk 1:01:25]} 11. Qxd4 {[%clk 1:19:44]} Be7 {[%clk 1:01:37]} 12. Nc5
{[%clk 1:17:58]} Bxc5 {[%clk 1:01:40]} 13. Qxc5 {[%clk 1:18:21]} c6
{[%clk 0:58:27]} 14. Rd1 {[%clk 1:11:57]} Qe7 {[%clk 0:49:56]} 15. Qxe7+
{[%clk 1:03:50]} Nxe7 {[%clk 0:47:23]} 16. b3 {[%clk 1:03:38]} Nd5
{[%clk 0:45:08]} 17. Rd4 {[%clk 0:58:58]} O-O-O {[%clk 0:36:32]} 18. Bg5
{[%clk 0:57:50]} Rd7 {[%clk 0:36:42]} 19. Rc1 {[%clk 0:53:19]} h6
{[%clk 0:36:16]} 20. Bd2 {[%clk 0:52:26]} Rhd8 {[%clk 0:35:04]} 21. Be2
{[%clk 0:51:12]} Nf4 {[%clk 0:29:55]} 22. Rxd7 {[%clk 0:51:23]} Nxe2+
{[%clk 0:30:20]} 23. Kf1 {[%clk 0:51:48]} Nxc1 {[%clk 0:28:32]} 24. Rxd8+
{[%clk 0:52:14]} Kxd8 {[%clk 0:28:58]} 25. Bxc1 {[%clk 0:52:38]} 1/2-1/2

[Event "World Senior Championship F50+/F65+"]
[Site "Katerini"]
[Date "2014.11.02"]
[Round "9.6"]
[White "Birkholz, Olga"]
[Black "Priedite, Ingrida"]
[Result "1-0"]
[WhiteElo "2067"]
[BlackElo "2225"]
[EventDate "2014.10.24"]

1. e4 {[%clk 1:30:57]} c5 {[%clk 1:30:52]} 2. Nc3 {[%clk 1:31:19]} Nc6
{[%clk 1:31:04]} 3. Nf3 {[%clk 1:31:38]} a6 {[%clk 1:27:11]} 4. a3
{[%clk 1:31:32]} e6 {[%clk 1:27:20]} 5. d4 {[%clk 1:31:28]} cxd4 {[%clk 1:27:33]}
6. Nxd4 {[%clk 1:31:58]} Qc7 {[%clk 1:26:42]} 7. Be3 {[%clk 1:29:00]} Nf6
{[%clk 1:26:16]} 8. Be2 {[%clk 1:26:43]} Be7 {[%clk 1:26:09]} 9. Nb3
{[%clk 1:23:22]} d6 {[%clk 1:23:48]} 10. g4 {[%clk 1:20:41]} b5 {[%clk 1:19:32]}
11. g5 {[%clk 1:16:14]} Nd7 {[%clk 1:19:47]} 12. Nd4 {[%clk 1:11:09]} Bb7
{[%clk 1:18:24]} 13. Rg1 {[%clk 1:09:54]} Nce5 {[%clk 1:10:22]} 14. Rg3
{[%clk 0:54:40]} Nc4 {[%clk 1:03:40]} 15. Bc1 {[%clk 0:53:28]} Nc5
{[%clk 0:59:16]} 16. Bxc4 {[%clk 0:47:26]} bxc4 {[%clk 0:59:36]} 17. Qe2
{[%clk 0:47:55]} Nd7 {[%clk 0:57:00]} 18. Nf3 {[%clk 0:37:45]} Rb8
{[%clk 0:45:46]} 19. Bf4 {[%clk 0:29:51]} Ba8 {[%clk 0:40:57]} 20. Rb1
{[%clk 0:27:56]} Nb6 {[%clk 0:21:26]} 21. Nd2 {[%clk 0:25:54]} Rd8
{[%clk 0:16:26]} 22. Kf1 {[%clk 0:11:05]} Rd7 {[%clk 0:13:10]} 23. Re1
{[%clk 0:08:34]} Qc6 {[%clk 0:10:04]} 24. Be3 {[%clk 0:07:30]} d5
{[%clk 0:10:02]} 25. Bxb6 {[%clk 0:06:56]} Qxb6 {[%clk 0:10:27]} 26. exd5
{[%clk 0:06:53]} Bxd5 {[%clk 0:09:45]} 27. Nxc4 {[%clk 0:06:10]} Bxc4
{[%clk 0:09:42]} 28. Qxc4 {[%clk 0:06:39]} Rd4 {[%clk 0:06:16]} 29. Qb3
{[%clk 0:06:06]} Qc6 {[%clk 0:05:33]} 30. Qb8+ {[%clk 0:05:29]} Rd8
{[%clk 0:03:05]} 31. Qe5 {[%clk 0:05:56]} O-O {[%clk 0:02:13]} 32. Qe4
{[%clk 0:06:24]} Qxe4 {[%clk 0:01:29]} 33. Nxe4 {[%clk 0:06:37]} Rd4
{[%clk 0:01:14]} 34. c3 {[%clk 0:06:51]} Rc4 {[%clk 0:00:41]} 35. Rd3
{[%clk 0:06:42]} Rfc8 {[%clk 0:00:38]} 36. f3 {[%clk 0:06:22]} Kf8
{[%clk 0:00:41]} 37. Rd7 {[%clk 0:05:36]} Rb8 {[%clk 0:00:41]} 38. Re2
{[%clk 0:05:50]} Rc6 {[%clk 0:00:54]} 39. b4 {[%clk 0:04:33]} f6 {[%clk 0:00:59]}
40. gxf6 {[%clk 0:34:30]} gxf6 {[%clk 0:31:23]} 41. Nd2 {[%clk 0:28:57]} a5
{[%clk 0:29:00]} 42. Re3 {[%clk 0:28:12]} axb4 {[%clk 0:28:28]} 43. axb4
{[%clk 0:28:23]} f5 {[%clk 0:26:12]} 44. f4 {[%clk 0:27:34]} Kf7 {[%clk 0:25:31]}
45. Nf3 {[%clk 0:19:39]} Ke8 {[%clk 0:23:25]} 46. Ra7 {[%clk 0:19:37]} Rbc8
{[%clk 0:22:51]} 47. Nd4 {[%clk 0:18:54]} Rxc3 {[%clk 0:12:08]} 48. Rxe6
{[%clk 0:18:13]} R8c7 {[%clk 0:12:30]} 49. Rxc7 {[%clk 0:18:05]} Rxc7
{[%clk 0:12:55]} 50. Nxf5 {[%clk 0:11:43]} 1-0

[Event "World Senior Championship F50+/F65+"]
[Site "Katerini"]
[Date "2014.11.02"]
[Round "9.7"]
[White "Bogumil, Tatiana"]
[Black "Baliuniene, Margarita"]
[Result "1-0"]
[WhiteElo "2149"]
[BlackElo "1961"]
[EventDate "2014.10.24"]

1. Nf3 {[%clk 1:30:46]} d5 {[%clk 1:30:55]} 2. c4 {[%clk 1:30:35]} e6
{[%clk 1:31:16]} 3. g3 {[%clk 1:29:12]} c5 {[%clk 1:31:18]} 4. Bg2
{[%clk 1:29:30]} Nf6 {[%clk 1:31:28]} 5. O-O {[%clk 1:29:44]} Nc6
{[%clk 1:31:29]} 6. b3 {[%clk 1:27:42]} Be7 {[%clk 1:31:15]} 7. Bb2
{[%clk 1:28:00]} O-O {[%clk 1:31:03]} 8. d3 {[%clk 1:27:54]} d4 {[%clk 1:28:08]}
9. Nbd2 {[%clk 1:25:55]} e5 {[%clk 1:26:38]} 10. b4 {[%clk 1:25:54]} cxb4
{[%clk 1:18:29]} 11. a3 {[%clk 1:26:17]} bxa3 {[%clk 1:09:08]} 12. Bxa3
{[%clk 1:25:11]} Bxa3 {[%clk 1:08:48]} 13. Rxa3 {[%clk 1:25:36]} Qe7
{[%clk 1:08:25]} 14. Qa1 {[%clk 1:18:18]} Bf5 {[%clk 0:58:06]} 15. Rb3
{[%clk 1:10:46]} Rac8 {[%clk 0:53:37]} 16. Rb5 {[%clk 0:59:30]} b6
{[%clk 0:50:58]} 17. Qb2 {[%clk 0:56:14]} Nd7 {[%clk 0:49:45]} 18. Ra1
{[%clk 0:56:03]} Nc5 {[%clk 0:46:30]} 19. Qa3 {[%clk 0:53:20]} f6
{[%clk 0:42:11]} 20. Ne1 {[%clk 0:46:42]} Na5 {[%clk 0:39:21]} 21. Nc2
{[%clk 0:44:35]} Bd7 {[%clk 0:37:36]} 22. Rb2 {[%clk 0:44:36]} Rfe8
{[%clk 0:30:33]} 23. Qb4 {[%clk 0:35:15]} Bc6 {[%clk 0:26:54]} 24. Bh3
{[%clk 0:34:56]} Rb8 {[%clk 0:25:07]} 25. f3 {[%clk 0:31:19]} Ncb7
{[%clk 0:21:04]} 26. Qxe7 {[%clk 0:29:24]} Rxe7 {[%clk 0:21:34]} 27. Nb4
{[%clk 0:29:37]} Nc5 {[%clk 0:19:57]} 28. Nxc6 {[%clk 0:22:08]} Nxc6 29. Kf2
{[%clk 0:21:03]} Kf7 {[%clk 0:20:47]} 30. Rb5 {[%clk 0:19:15]} a5 31. Bf5
{[%clk 0:13:15]} g6 {[%clk 0:18:44]} 32. Be4 {[%clk 0:13:37]} Na7
{[%clk 0:13:04]} 33. Bd5+ {[%clk 0:13:47]} Ke8 {[%clk 0:13:09]} 34. Rb2
{[%clk 0:13:48]} Nd7 {[%clk 0:10:09]} 35. g4 {[%clk 0:13:19]} Kd8
{[%clk 0:10:08]} 36. Ne4 {[%clk 0:11:05]} Kc7 {[%clk 0:10:16]} 37. h4
{[%clk 0:06:42]} Nc6 {[%clk 0:08:22]} 38. Bxc6 {[%clk 0:06:41]} Kxc6
{[%clk 0:08:49]} 39. Rb5 {[%clk 0:06:54]} f5 {[%clk 0:08:03]} 40. gxf5
{[%clk 0:36:04]} gxf5 {[%clk 0:38:31]} 41. Ng3 {[%clk 0:36:27]} Rf7
{[%clk 0:36:10]} 42. f4 {[%clk 0:32:23]} exf4 {[%clk 0:30:42]} 43. Nxf5
{[%clk 0:30:49]} Re8 {[%clk 0:28:33]} 44. Nxd4+ {[%clk 0:31:01]} Kc7
{[%clk 0:28:47]} 45. Rg5 {[%clk 0:27:14]} Nc5 {[%clk 0:25:54]} 46. Rag1
{[%clk 0:26:08]} Ree7 {[%clk 0:18:05]} 47. Rg8 {[%clk 0:24:33]} Re3
{[%clk 0:10:26]} 48. Nb5+ {[%clk 0:22:35]} Kc6 {[%clk 0:10:13]} 49. Rc8+
{[%clk 0:21:55]} Kd7 {[%clk 0:09:59]} 50. Rc7+ {[%clk 0:21:17]} Ke6
{[%clk 0:10:18]} 51. Rc6+ {[%clk 0:20:57]} Kd7 {[%clk 0:09:52]} 52. Rd6+
{[%clk 0:18:47]} Ke7 {[%clk 0:10:10]} 53. Rxb6 {[%clk 0:18:34]} Rh3
{[%clk 0:09:36]} 54. Nd4 {[%clk 0:14:19]} f3 {[%clk 0:05:53]} 55. exf3
{[%clk 0:10:13]} Nxd3+ {[%clk 0:06:08]} 56. Ke3 {[%clk 0:10:34]} Ne5
{[%clk 0:05:55]} 57. Rb7+ {[%clk 0:10:18]} Kf6 {[%clk 0:06:17]} 58. Rxf7+
{[%clk 0:10:25]} Kxf7 {[%clk 0:06:31]} 59. Rc1 {[%clk 0:08:39]} Rxh4
{[%clk 0:02:31]} 60. c5 {[%clk 0:08:44]} Rh2 {[%clk 0:01:07]} 61. c6
{[%clk 0:08:11]} Nxc6 {[%clk 0:01:20]} 62. Rxc6 {[%clk 0:08:23]} Ra2
{[%clk 0:01:36]} 63. Ke4 {[%clk 0:08:16]} a4 {[%clk 0:01:51]} 64. Kf5
{[%clk 0:08:06]} Rd2 {[%clk 0:01:49]} 65. Rc7+ {[%clk 0:08:21]} Ke8
{[%clk 0:01:17]} 66. Ke5 {[%clk 0:08:07]} h5 {[%clk 0:01:09]} 67. Ra7
{[%clk 0:07:43]} Ra2 {[%clk 0:01:07]} 68. f4 {[%clk 0:06:31]} a3 {[%clk 0:01:25]}
69. Ke6 {[%clk 0:05:47]} Kf8 {[%clk 0:01:32]} 70. f5 {[%clk 0:05:31]} Ra1
{[%clk 0:01:42]} 71. Ra8+ {[%clk 0:05:22]} Kg7 {[%clk 0:02:10]} 72. f6+
{[%clk 0:05:42]} Kg6 {[%clk 0:02:31]} 73. Rg8+ {[%clk 0:05:38]} Kh7
{[%clk 0:02:47]} 74. f7 {[%clk 0:05:01]} Re1+ {[%clk 0:03:08]} 75. Kd5
{[%clk 0:04:58]} Re7 {[%clk 0:00:34]} *

[Event "World Senior Championship F50+/F65+"]
[Site "Katerini"]
[Date "2014.11.02"]
[Round "9.8"]
[White "Sinchurina, Tatiana"]
[Black "Khmiadashvili, Tamar"]
[Result "0-1"]
[WhiteElo "1985"]
[BlackElo "2090"]
[EventDate "2014.10.24"]

1. e4 {[%clk 1:30:44]} e5 {[%clk 1:30:44]} 2. Nf3 {[%clk 1:31:07]} Nc6
{[%clk 1:31:06]} 3. Bb5 {[%clk 1:31:26]} Nge7 {[%clk 1:30:17]} 4. c3
{[%clk 1:29:48]} Ng6 {[%clk 1:27:20]} 5. d4 {[%clk 1:27:58]} exd4
{[%clk 1:25:18]} 6. cxd4 {[%clk 1:28:14]} Bb4+ {[%clk 1:25:16]} 7. Nc3
{[%clk 1:27:55]} O-O {[%clk 1:19:42]} 8. O-O {[%clk 1:28:16]} a6 {[%clk 1:14:27]}
9. Bd3 {[%clk 1:23:58]} Bxc3 {[%clk 1:08:46]} 10. bxc3 {[%clk 1:24:15]} d6
{[%clk 1:08:53]} 11. Bg5 {[%clk 1:20:06]} f6 {[%clk 1:03:52]} 12. Bd2
{[%clk 1:19:49]} Nce7 {[%clk 1:01:07]} 13. Re1 {[%clk 1:11:51]} Be6
{[%clk 0:57:02]} 14. a4 {[%clk 1:08:33]} Qd7 {[%clk 0:51:58]} 15. h3
{[%clk 1:02:34]} c5 {[%clk 0:51:24]} 16. d5 {[%clk 1:02:15]} Bf7 {[%clk 0:51:43]}
17. c4 {[%clk 1:02:02]} b6 {[%clk 0:49:51]} 18. Qc2 {[%clk 0:56:52]} Ne5
{[%clk 0:49:36]} 19. Nxe5 {[%clk 0:57:10]} fxe5 {[%clk 0:48:28]} 20. f4
{[%clk 0:56:45]} exf4 {[%clk 0:42:21]} 21. Bxf4 {[%clk 0:56:31]} Ng6
{[%clk 0:41:52]} 22. Bg3 {[%clk 0:56:11]} Rfe8 {[%clk 0:36:52]} 23. Rab1
{[%clk 0:56:09]} Rab8 {[%clk 0:35:27]} 24. Re3 {[%clk 0:53:11]} Qd8
{[%clk 0:34:46]} 25. Qf2 {[%clk 0:49:50]} Ne5 {[%clk 0:32:19]} 26. Be2
{[%clk 0:49:08]} Bg6 {[%clk 0:28:08]} 27. Rf1 {[%clk 0:48:42]} h6
{[%clk 0:23:57]} 28. h4 {[%clk 0:45:41]} h5 {[%clk 0:15:33]} 29. Bxe5
{[%clk 0:42:03]} Rxe5 {[%clk 0:15:22]} 30. Bd3 {[%clk 0:38:17]} Qe8
{[%clk 0:13:10]} 31. Qc2 {[%clk 0:38:07]} Qe7 {[%clk 0:11:54]} 32. Rf4
{[%clk 0:36:36]} Kh7 {[%clk 0:07:46]} 33. g3 {[%clk 0:34:11]} b5 {[%clk 0:06:31]}
34. axb5 {[%clk 0:29:49]} axb5 {[%clk 0:06:55]} 35. Re2 {[%clk 0:27:26]} bxc4
{[%clk 0:06:20]} 36. Qxc4 {[%clk 0:26:03]} Rb4 {[%clk 0:05:52]} 37. Qa6
{[%clk 0:23:50]} Qc7 {[%clk 0:04:07]} 38. Rf8 {[%clk 0:23:09]} Rb8
{[%clk 0:02:21]} 39. Rxb8 {[%clk 0:21:48]} Qxb8 {[%clk 0:02:50]} 40. Qa4
{[%clk 0:41:54]} Qb6 {[%clk 0:31:59]} 41. Kh2 {[%clk 0:40:22]} Re7
{[%clk 0:20:48]} 42. Qc2 {[%clk 0:39:10]} Re5 {[%clk 0:20:40]} 43. Qa4
{[%clk 0:39:21]} Be8 {[%clk 0:20:18]} 44. Qd1 {[%clk 0:38:17]} Qb4
{[%clk 0:19:48]} 45. Qd2 {[%clk 0:34:23]} Qa3 {[%clk 0:15:45]} 46. Re3
{[%clk 0:32:52]} Qa1 {[%clk 0:14:11]} 47. Rf3 {[%clk 0:27:12]} Bg6
{[%clk 0:14:16]} 48. Qe2 {[%clk 0:22:34]} Qd4 {[%clk 0:12:15]} 49. Rf4
{[%clk 0:22:30]} Re7 {[%clk 0:09:18]} 50. g4 {[%clk 0:11:21]} hxg4
{[%clk 0:08:13]} 51. Rxg4 {[%clk 0:11:29]} Qe5+ {[%clk 0:08:27]} 52. Kh3
{[%clk 0:06:09]} Bh5 {[%clk 0:07:28]} 53. Qg2 {[%clk 0:06:21]} Bxg4+
{[%clk 0:07:38]} 54. Qxg4 {[%clk 0:06:47]} g6 {[%clk 0:07:14]} 0-1

[Event "World Senior Championship F50+/F65+"]
[Site "Katerini"]
[Date "2014.11.02"]
[Round "9.9"]
[White "Abdikasova, Panu"]
[Black "Sand, Rosemarie"]
[Result "1-0"]
[WhiteElo "1981"]
[BlackElo "1651"]
[EventDate "2014.10.24"]

1. d4 {[%clk 1:30:57]} Nf6 {[%clk 1:30:50]} 2. Nf3 {[%clk 1:31:22]} g6
{[%clk 1:31:05]} 3. c4 {[%clk 1:31:28]} Bg7 {[%clk 1:31:21]} 4. Nc3
{[%clk 1:31:55]} d5 {[%clk 1:31:30]} 5. cxd5 {[%clk 1:32:00]} Nxd5
{[%clk 1:31:45]} 6. e4 {[%clk 1:32:23]} Nxc3 {[%clk 1:31:51]} 7. bxc3
{[%clk 1:32:44]} c5 {[%clk 1:31:35]} 8. Be3 {[%clk 1:32:27]} O-O {[%clk 1:31:32]}
9. Be2 {[%clk 1:31:33]} Nc6 {[%clk 1:29:46]} 10. O-O {[%clk 1:30:08]} Bg4
{[%clk 1:27:00]} 11. e5 {[%clk 1:24:34]} cxd4 {[%clk 1:20:50]} 12. cxd4
{[%clk 1:24:50]} Rc8 {[%clk 1:15:57]} 13. Rb1 {[%clk 1:19:02]} Qd7
{[%clk 1:07:41]} 14. Qd2 {[%clk 1:15:42]} Rfd8 {[%clk 1:03:53]} 15. Rfd1
{[%clk 1:15:57]} Bf5 {[%clk 0:58:12]} 16. Rb2 {[%clk 1:16:09]} Be4
{[%clk 0:53:47]} 17. Ng5 {[%clk 1:12:11]} Bd5 {[%clk 0:53:01]} 18. Bf3
{[%clk 1:11:29]} Bxf3 {[%clk 0:50:51]} 19. Nxf3 {[%clk 1:11:54]} b6
{[%clk 0:49:28]} 20. Re1 {[%clk 1:04:07]} Na5 {[%clk 0:45:13]} 21. Qe2
{[%clk 1:01:57]} Nc4 {[%clk 0:42:39]} 22. Rc2 {[%clk 0:59:20]} Nxe3
{[%clk 0:42:06]} 23. Rxc8 {[%clk 0:59:09]} Rxc8 {[%clk 0:41:02]} 24. fxe3
{[%clk 0:58:41]} h5 {[%clk 0:36:08]} 25. Rd1 {[%clk 0:54:10]} Qa4
{[%clk 0:32:44]} 26. Rd2 {[%clk 0:53:53]} e6 {[%clk 0:31:20]} 27. Kf2
{[%clk 0:47:41]} Qa5 {[%clk 0:29:52]} 28. Rc2 {[%clk 0:45:47]} Rxc2
{[%clk 0:29:26]} 29. Qxc2 {[%clk 0:46:12]} Bh6 {[%clk 0:29:24]} 30. Qd2
{[%clk 0:42:02]} Qa3 {[%clk 0:27:52]} 31. Ne1 {[%clk 0:41:24]} Qe7
{[%clk 0:23:52]} 32. g3 {[%clk 0:36:33]} Qg5 {[%clk 0:22:42]} 33. Qd3
{[%clk 0:34:04]} h4 {[%clk 0:21:19]} 34. Nf3 {[%clk 0:34:08]} hxg3+
{[%clk 0:21:27]} 35. hxg3 {[%clk 0:34:35]} Qe7 {[%clk 0:20:23]} 36. e4
{[%clk 0:32:10]} Bg7 {[%clk 0:18:34]} 37. Qc3 {[%clk 0:21:31]} Qd7
{[%clk 0:17:40]} 38. Qc4 {[%clk 0:20:28]} Qe7 {[%clk 0:16:43]} 39. Qc6
{[%clk 0:16:59]} Kh7 {[%clk 0:09:39]} 40. Qd6 {[%clk 0:45:25]} Bf8
{[%clk 0:36:52]} 41. Qxe7 {[%clk 0:45:23]} Bxe7 {[%clk 0:37:21]} 42. d5
{[%clk 0:45:49]} Kg7 {[%clk 0:36:31]} 43. d6 {[%clk 0:45:41]} Bd8
{[%clk 0:36:38]} 44. Nd4 {[%clk 0:44:09]} Kf8 {[%clk 0:36:15]} 45. Nc6
{[%clk 0:42:42]} Ke8 {[%clk 0:36:21]} 46. Nxa7 {[%clk 0:43:09]} Kd7
{[%clk 0:35:04]} 47. Kf3 Bg5 {[%clk 0:33:56]} 48. Nb5 {[%clk 0:41:02]} Bc1 49.
Kg4 {[%clk 0:37:13]} Bd2 {[%clk 0:30:42]} 50. a4 {[%clk 0:36:10]} Bc1 51. Kf3
{[%clk 0:34:44]} Bb2 {[%clk 0:26:02]} 52. Kf4 {[%clk 0:34:44]} Bc1+
{[%clk 0:26:19]} 53. Kf3 {[%clk 0:31:53]} Bb2 {[%clk 0:26:19]} 54. Kf4
{[%clk 0:31:47]} Bc1+ {[%clk 0:26:31]} 55. Kg4 {[%clk 0:32:13]} Bd2
{[%clk 0:26:24]} 56. Na3 {[%clk 0:32:48]} Be3 57. Nc4 {[%clk 0:32:48]} Bf2
{[%clk 0:10:36]} 58. Kf4 {[%clk 0:32:24]} Kc6 {[%clk 0:08:39]} 59. Kg4
{[%clk 0:30:28]} g5 {[%clk 0:07:48]} 60. Nd2 {[%clk 0:27:49]} f6 {[%clk 0:05:03]}
61. exf6 {[%clk 0:27:42]} Kxd6 {[%clk 0:05:22]} 62. Nf3 {[%clk 0:28:08]} Bc5
{[%clk 0:02:43]} 63. Nxg5 {[%clk 0:28:08]} Ke5 {[%clk 0:02:50]} 64. Nh7
{[%clk 0:28:19]} 1-0